000 00738nam a2200205Ii 4500
003 JO-AjNU
008 230605s9999||||xx |||||||||||||| ||und||
017 _a1987/132
040 _aJO-AjNU
_bara
_erda
_cJO-AjNU
041 _aara
050 1 4 _aPJ6696.I2572 1987
100 3 _aدراسة وتحقيق العليلي، موسى بناي علوان,
_eauthor
_940069
245 0 0 _aأمثال القرآن للإمام أبي عبدالله محمد بن أبي بكر بن قيم الجوزية692-751 هـ
264 3 1 _aد.م: د.ن: 1987
300 _a160ص
336 _atext
_btxt
_2rdacontent
337 _aunmediated
_bn
_2rdamedia
338 _avolume
_bnc
_2rdacarrier
650 4 _aالقرآن الكريم - أمثال
_940070
999 _aA16974
_c20542
_d20542